[Event "Johanneum Eppendorf-SC Kreuzberg"]
[Site "Greifswald"]
[Date "2017.09.09"]
[Round "5.2"]
[White "Keyser, Robin"]
[Black "Rose, Luis Stratos"]
[Result "0-1"]
[WhiteElo "1972"]
[BlackElo "1703"]
[PlyCount "94"]
[EventDate "2017.??.??"]
[WhiteTeam "Johanneum Eppendorf"]
[BlackTeam "SC Kreuzberg"]

1. d4 g6 2. c4 d6 3. Nc3 Bg7 4. e4 Nf6 5. f4 O-O 6. Nf3 c5 7. d5 a6 8. Bd3 e6
9. a4 Nbd7 10. O-O Qc7 11. Kh1 exd5 12. cxd5 Re8 13. Re1 b6 14. h3 Bb7 15. Nd2
Nh5 16. Nc4 Bxc3 17. bxc3 b5 18. axb5 axb5 19. Rxa8 Rxa8 20. Na3 c4 21. Be2
Ng3+ 22. Kh2 Nxe2 23. Rxe2 Qc5 24. Nc2 Nf6 25. Be3 Qc7 26. Bf2 Re8 27. Qe1 Nh5
28. g3 Qe7 29. Nd4 Nf6 30. e5 dxe5 31. fxe5 Nxd5 32. Nxb5 Rd8 33. Nd6 Ba6 34.
Ne4 Bb5 35. Nd6 Ba6 36. Bc5 Qe6 37. Qa1 Bc8 38. Qa5 Rxd6 39. Bxd6 Qxh3+ 40. Kg1
Qxg3+ 41. Kf1 Bh3+ 42. Rg2 Bxg2+ 43. Ke2 Nxc3+ 44. Kd2 Qd3+ 45. Kc1 Ne2+ 46.
Kb2 Qb3+ 47. Ka1 Qc3+ 0-1

[Event "Johanneum Eppendorf-SC Kreuzberg"]
[Site "Greifswald"]
[Date "2017.09.09"]
[Round "5.3"]
[White "Hecht, Jonas Christian"]
[Black "Liebert, Marcel"]
[Result "1-0"]
[WhiteElo "1567"]
[BlackElo "1257"]
[PlyCount "33"]
[EventDate "2017.??.??"]
[WhiteTeam "SC Kreuzberg"]
[BlackTeam "Johanneum Eppendorf"]

1. e4 c5 2. Nc3 a6 3. f4 b5 4. Nf3 Bb7 5. d3 e6 6. Be2 g6 7. Be3 d6 8. O-O Bg7
9. Qe1 Nc6 10. Qf2 Nge7 11. Rab1 Qd7 12. Qg3 Rc8 13. Nh4 f5 14. exf5 Nxf5 15.
Nxf5 exf5 16. Nd5 Qc7 17. Nxc7+ 1-0

[Event "Johanneum Eppendorf-SC Kreuzberg"]
[Site "Greifswald"]
[Date "2017.09.09"]
[Round "5.4"]
[White "Soppe, Moritz"]
[Black "Lieske, Aaron"]
[Result "1-0"]
[WhiteElo "1051"]
[BlackElo "1146"]
[PlyCount "105"]
[EventDate "2017.??.??"]
[WhiteTeam "Johanneum Eppendorf"]
[BlackTeam "SC Kreuzberg"]

1. e4 e5 2. Nf3 Nc6 3. d4 exd4 4. Nxd4 Nf6 5. Nxc6 bxc6 6. e5 Nd5 7. Bc4 Nb6 8.
Bb3 Bc5 9. O-O O-O 10. Nd2 Ba6 11. Re1 h6 12. Ne4 Bb4 13. c3 Be7 14. Bc2 Nd5
15. b3 f6 16. exf6 Bxf6 17. Nxf6+ Qxf6 18. f3 Rad8 19. Bb2 Nxc3 20. Qd2 Ne2+
21. Rxe2 Qh4 22. Ree1 Qh5 23. Qc3 Rf6 24. b4 Qg5 25. Qb3+ Rf7 26. Qa3 Qd2 27.
Qc3 Qg5 28. Bb3 d5 29. Qxc6 Rd6 30. Qe8+ Rf8 31. Qe3 Qxe3+ 32. Rxe3 Kh8 33. b5
d4 34. Ree1 Rfd8 35. bxa6 d3 36. Rad1 Rb6 37. Re3 d2 38. Re2 Rbd6 39. Bc3 Rxa6
40. Rexd2 Rxd2 41. Rxd2 Rc6 42. Bc2 Kg8 43. Bd4 Rd6 44. Bb3+ Kh8 45. Be3 a6 46.
Rxd6 cxd6 47. Bf4 Kh7 48. Bxd6 Kg6 49. Bc4 a5 50. Bc7 a4 51. Bb5 a3 52. Bd6 Kf5
53. Bxa3 1-0

[Event "Greifswalder SV-Peiner SV"]
[Site "Greifswald"]
[Date "2017.09.09"]
[Round "5.1"]
[White "Kück, Artur"]
[Black "Troyke, Jannis"]
[Result "1-0"]
[WhiteElo "1720"]
[BlackElo "1870"]
[PlyCount "47"]
[EventDate "2017.??.??"]
[WhiteTeam "Peiner SV"]
[BlackTeam "Greifswalder SV"]

1. e4 c5 2. Nf3 d6 3. Bb5+ Bd7 4. Bxd7+ Nxd7 5. c4 Ne5 6. d3 e6 7. Nc3 Ne7 8.
O-O N7c6 9. a3 Be7 10. Bf4 Nxf3+ 11. Qxf3 a6 12. Qg3 O-O 13. Be3 Ne5 14. Rad1
Rc8 15. f4 Nc6 16. f5 Bh4 17. Qh3 Nd4 18. fxe6 Nxe6 19. Nd5 Bg5 20. Bxg5 Nxg5
21. Qxc8 Qxc8 22. Ne7+ Kh8 23. Nxc8 Rxc8 24. h4 1-0

[Event "Greifswalder SV-Peiner SV"]
[Site "Greifswald"]
[Date "2017.09.09"]
[Round "5.2"]
[White "Altenstein, Jonas"]
[Black "Behme, Elias"]
[Result "0-1"]
[WhiteElo "1392"]
[BlackElo "1456"]
[PlyCount "158"]
[EventDate "2017.??.??"]
[WhiteTeam "Greifswalder SV"]
[BlackTeam "Peiner SV"]

1. e4 c5 2. c3 d5 3. exd5 Qxd5 4. d4 Nf6 5. Be3 cxd4 6. Bxd4 Nc6 7. Bxf6 Qxd1+
8. Kxd1 gxf6 9. Nf3 Bg4 10. Be2 O-O-O+ 11. Ke1 Bh6 12. Nbd2 Rd7 13. Rd1 Rhd8
14. Nb3 Rxd1+ 15. Bxd1 e5 16. Nfd2 Bf5 17. Bf3 a5 18. Ne4 b6 19. Nbd2 Bxe4 20.
Nxe4 f5 21. Ng3 Ne7 22. Nf1 Nd5 23. Bxd5 Rxd5 24. Ne3 Bxe3 25. fxe3 Kd7 26. Ke2
e4 27. Rf1 Ke6 28. Rf4 f6 29. Rh4 Rd7 30. b3 b5 31. g4 fxg4 32. Rxg4 f5 33. Rh4
Ke5 34. Rh6 Rg7 35. Kf2 Rc7 36. Rb6 Rc5 37. Ke2 a4 38. bxa4 bxa4 39. Kd2 Rd5+
40. Ke2 Rc5 41. Kd2 Rd5+ 42. Ke2 Ra5 43. Rb4 f4 44. exf4+ Kxf4 45. Rb7 Rh5 46.
Rf7+ Ke5 47. Re7+ Kd5 48. c4+ Kd4 49. Rd7+ Kxc4 50. Ke3 Rh4 51. Rd4+ Kb5 52.
Rd2 Kb4 53. Rc2 h5 54. Kd4 Rg4 55. h3 Rg3 56. Rh2 e3 57. Kd3 Rf3 58. Rh1 Ka3
59. Ke4 Rf8 60. Kxe3 Kxa2 61. Rg1 a3 62. Rg5 h4 63. Rb5 Ka1 64. Ke2 Rg8 65. Rb4
Rg2+ 66. Kd1 Rb2 67. Rxh4 Kb1 68. Rc4 Ka2 69. Rc2 Kb3 70. Rc8 Rb1+ 71. Kd2 a2
72. Rb8+ Kc4 73. Rc8+ Kd5 74. Rd8+ Ke6 75. Re8+ Kf7 76. Re1 Rxe1 77. Kxe1 a1=Q+
78. Kf2 Qc3 79. Kg2 Kg6 0-1

[Event "Greifswalder SV-Peiner SV"]
[Site "Greifswald"]
[Date "2017.09.09"]
[Round "5.3"]
[White "Arvis, Yekta Umut"]
[Black "Wucherer, Sophie"]
[Result "0-1"]
[WhiteElo "1178"]
[BlackElo "1288"]
[PlyCount "62"]
[EventDate "2017.??.??"]
[WhiteTeam "Peiner SV"]
[BlackTeam "Greifswalder SV"]

1. d4 Nf6 2. c4 c5 3. e3 g6 4. Nf3 Bg7 5. Nc3 cxd4 6. exd4 d6 7. Be2 O-O 8. O-O
b6 9. a3 d5 10. Re1 Nc6 11. cxd5 Nxd5 12. Nxd5 Qxd5 13. Be3 Rd8 14. b3 a5 15.
Bc4 Qd6 16. Rc1 Na7 17. Qd2 e6 18. Rcd1 Qxa3 19. Ra1 Qf8 20. Bd3 Rd7 21. Be4
Bb7 22. Bxb7 Rxb7 23. Rac1 Rd8 24. Rb1 Nc6 25. Red1 Qb4 26. Qxb4 Nxb4 27. Ne5
Nd5 28. Nd3 Nc3 29. Rbc1 Nxd1 30. Rxd1 Bxd4 31. Ne1 Rbd7 0-1

[Event "Greifswalder SV-Peiner SV"]
[Site "Greifswald"]
[Date "2017.09.09"]
[Round "5.4"]
[White "Chauvin, Mano"]
[Black "Stein, Luis"]
[Result "0-1"]
[WhiteElo "1163"]
[BlackElo "1363"]
[PlyCount "66"]
[EventDate "2017.??.??"]
[WhiteTeam "Greifswalder SV"]
[BlackTeam "Peiner SV"]

1. e4 e5 2. Nf3 Nc6 3. Bc4 d6 4. c3 g6 5. d3 h6 6. Be3 Na5 7. Nbd2 c6 8. b4
Nxc4 9. Nxc4 Be6 10. Nb2 Qc7 11. c4 Ne7 12. a3 Bg7 13. O-O O-O 14. Qd2 Kh7 15.
Rfd1 Bg4 16. Qe2 f5 17. h3 Bxf3 18. Qxf3 fxe4 19. Qxe4 Nf5 20. Bc1 Nd4 21. Na4
Rf7 22. Nc3 Raf8 23. Ra2 Qe7 24. Rf1 Qf6 25. Qg4 h5 26. Qd1 Bh6 27. Bxh6 Kxh6
28. Ne4 Qe6 29. Qc1+ Rf4 30. Qd1 b5 31. Qb1 Rh4 32. Qc1+ Rff4 33. g3 Nf3+ 0-1

[Event "SAV Torgelow-Lübecker SV"]
[Site "Greifswald"]
[Date "2017.09.09"]
[Round "5.1"]
[White "Nassat, Vitus"]
[Black "Beck, Jules"]
[Result "1/2-1/2"]
[WhiteElo "1685"]
[BlackElo "1483"]
[PlyCount "100"]
[EventDate "2017.??.??"]
[WhiteTeam "Lübecker SV"]
[BlackTeam "SAV Torgelow"]

1. e4 e6 2. d4 d5 3. Nd2 dxe4 4. Nxe4 Bd7 5. Nf3 Bc6 6. Bd3 Bxe4 7. Bxe4 c6 8.
O-O Nf6 9. Bd3 Qc7 10. Re1 Be7 11. c4 O-O 12. Qc2 Nbd7 13. Ng5 h6 14. Ne4 Nb6
15. Be3 Rac8 16. a3 Rfd8 17. b4 Nbd7 18. Rad1 a5 19. Qc3 axb4 20. axb4 Nxe4 21.
Bxe4 Bf6 22. Qb3 Nb6 23. f4 Ra8 24. Re2 Ra6 25. Ra2 Rxa2 26. Qxa2 Nc8 27. d5
exd5 28. cxd5 Qe7 29. Qc2 cxd5 30. Bh7+ Kh8 31. Bc5 Qc7 32. Be3 Qd6 33. Be4
Qxb4 34. Bxd5 Rxd5 35. Qxc8+ Kh7 36. Qc2+ g6 37. Kf2 Rxd1 38. Qxd1 Qb2+ 39. Kf3
Kg7 40. Qc1 Qxc1 41. Bxc1 Bd8 42. Bb2+ Bf6 43. Ba3 h5 44. Bb4 Bd8 45. Ke4 Bc7
46. Bc3+ Kf8 47. g3 Ke7 48. Kd5 Kd7 49. Bd4 Bd6 50. Bb6 Bc7 1/2-1/2

[Event "SAV Torgelow-Lübecker SV"]
[Site "Greifswald"]
[Date "2017.09.09"]
[Round "5.2"]
[White "Trömer, Axel"]
[Black "Mundt, Alexandra"]
[Result "1-0"]
[WhiteElo "1433"]
[BlackElo "1573"]
[PlyCount "47"]
[EventDate "2017.??.??"]
[WhiteTeam "SAV Torgelow"]
[BlackTeam "Lübecker SV"]

1. e4 d6 2. d4 c6 3. Nf3 g6 4. Nc3 Bg7 5. Bf4 Bg4 6. Bc4 Nf6 7. h3 Bc8 8. Qd2
b5 9. Bd3 Bb7 10. e5 dxe5 11. dxe5 Nd5 12. Nxd5 Qxd5 13. O-O O-O 14. Rfe1 Nd7
15. Qe3 Nc5 16. Rad1 Nxd3 17. Rxd3 Qe6 18. Red1 Qc8 19. Bh6 Re8 20. Qf4 f6 21.
Bxg7 Kxg7 22. exf6+ Kg8 23. f7+ Kh8 24. Qe5# 1-0

[Event "SAV Torgelow-Lübecker SV"]
[Site "Greifswald"]
[Date "2017.09.09"]
[Round "5.3"]
[White "Kloerss, Knut"]
[Black "Wolfgramm, Egon"]
[Result "1-0"]
[WhiteElo "1511"]
[BlackElo "1239"]
[PlyCount "73"]
[EventDate "2017.??.??"]
[WhiteTeam "Lübecker SV"]
[BlackTeam "SAV Torgelow"]

1. e4 d5 2. exd5 Nf6 3. d4 Nxd5 4. c3 Bf5 5. Nf3 e6 6. Be2 Be7 7. Ne5 c6 8. O-O
f6 9. Nd3 Nd7 10. Re1 O-O 11. Bg4 Bxg4 12. Qxg4 f5 13. Qf3 Nc7 14. Bf4 Rf6 15.
Bg5 Rg6 16. Bxe7 Qxe7 17. Qxf5 Qd6 18. Qf4 Qxf4 19. Nxf4 Rf6 20. Nd3 Rd8 21.
Na3 b5 22. Rad1 Rdf8 23. Re2 a6 24. Rde1 R8f7 25. Nc2 g5 26. Ncb4 Nb8 27. Ne5
Rf8 28. Nbxc6 Nxc6 29. Nxc6 Nd5 30. g3 Rg6 31. Rxe6 Rxe6 32. Rxe6 Kf7 33. Re5
Nf6 34. Rxg5 h6 35. Re5 h5 36. h3 Nh7 37. Rxh5 1-0

[Event "SAV Torgelow-Lübecker SV"]
[Site "Greifswald"]
[Date "2017.09.09"]
[Round "5.4"]
[White "Rosenhahn, Nico"]
[Black "Rasmussen, Luca-Tom"]
[Result "0-1"]
[WhiteElo "1211"]
[BlackElo "1183"]
[PlyCount "50"]
[EventDate "2017.??.??"]
[WhiteTeam "SAV Torgelow"]
[BlackTeam "Lübecker SV"]

1. e4 d5 2. exd5 Qxd5 3. Nc3 Qa5 4. Nf3 Nf6 5. Bc4 Bf5 6. O-O e6 7. d3 c6 8. a3
Nbd7 9. Bf4 Nh5 10. Be3 Bd6 11. Re1 Nhf6 12. Nh4 O-O 13. b4 Qe5 14. f4 Qxc3 15.
Bd2 Qd4+ 16. Kf1 Ng4 17. Qf3 Nxh2+ 18. Ke2 Nxf3 19. Kxf3 Qf6 20. Rh1 Be7 21. g3
Rfe8 22. Rae1 Bd6 23. Rh2 h5 24. Reh1 Bg4+ 25. Kg2 g6 0-1